|
|
|
|
| LEADER |
00000nab a2200000 ar4500 |
| 001 |
vtls009304007 |
| 003 |
SK-MaSNL |
| 005 |
20260303101616.0 |
| 008 |
080617c2007 xo |||||||||||000 b|slo |
| 015 |
|
|
|a SNBRB2008/06
|2 snkbucl
|
| 038 |
|
|
|a SNKBUCL
|
| 040 |
|
|
|a SNKBUCL
|b slo
|c SNKBUCL
|e AACR2
|
| 041 |
0 |
|
|a slo
|
| 044 |
|
|
|a xo
|c SK
|
| 080 |
|
|
|a 547-051
|2 2001
|
| 080 |
|
|
|a 37-051
|2 2001
|
| 080 |
|
|
|a 929 Čižmáriková, Ružena
|2 2001
|
| 100 |
1 |
|
|a Horáková, R.
|4 aut
|9 1008612
|
| 245 |
1 |
0 |
|a Jubileum doc. RNDr. Ruženy Čižmárikovej, CSc.
|c R. Horáková, J. Sokolík
|
| 300 |
|
|
|b Fotogr.
|
| 600 |
1 |
7 |
|a Čižmáriková, Ružena,
|d 1947-
|2 snkbucl
|9 220653
|
| 700 |
1 |
|
|a Sokolík, J.
|4 aut
|9 1039217
|
| 773 |
0 |
|
|t ChemZi
|g Roč. 3, č. 2 (2007), s. 343-344
|x 1336-7242
|
| 852 |
|
|
|a SNK
|b KIS3GCP
|
| 999 |
|
|
|c 1839430
|d 1841360
|